The Governance of China

"As general secretary of the CPC Central Committee and president of the People's Republic of China, Xi Jinping has delivered many speeches on a broad range of issues. He has offered his thoughts, views and judgments, and answered a series of important theoretical and practical questions ab...

Full description

Saved in:
Bibliographic Details
Main Author: JINPING, XI. (Author)
Format: Book
Language:English
Published: Beijing, China : Foreign Languages Press, 2022.
Edition:First edition.
Subjects:
Tags: Add Tag
No Tags, Be the first to tag this record!

MARC

LEADER 00000cam a2200000 i 4500
005 20250623110427.0
020 |a 9787119130958  |c TZS 50,000/= 
020 |a 7119130951  |c TZS 50,000/= 
020 |a 7119130951 
040 |a MUL  |b eng  |e AACR 
041 1 |a eng 
082 0 4 |a 335.4345 JIN 
100 1 |a JINPING, XI. (Author) 
240 1 0 |a Xi Jinping tan zhi guo li zheng. 
245 1 4 |a The Governance of China  |c / Xi Jinping. 
246 3 |a Xi Jinping, the Governance of China 
250 |a First edition. 
260 |a Beijing, China :   |b  Foreign Languages Press,   |c 2022.  
300 |a viii, 658 pages :  |b color illustrations ;  |c 24 cm 
500 |a This volume contains a compilation of 109 of Xi Jinping's spoken and written works from February 3, 2020 to May 10, 2022, 
504 |a Includes bibliographical references and index. 
505 0 |a Socialism with Chinese characteristics in the New Era -- Overall CPC leadership -- The people first -- Confront challenges head-on -- Epidemic response and socio-economic development --Towards a modern socialist country -- New development stage, Philosophy and dynamic -- High quality development -- Further reform and opening up -- Whole-process people's democracy -- Socialist Rule of Law -- Advanced Socialist culture -- Public wellbeing and social progress -- Harmony between humanity and nature -- Strong armed forces -- Development and security -- One country, two systems and National reunification -- A global community of shared future -- Global governance and multilateralism -- High-quality belt and road cooperation -- Party self-reform for social transformation. 
520 1 |a "As general secretary of the CPC Central Committee and president of the People's Republic of China, Xi Jinping has delivered many speeches on a broad range of issues. He has offered his thoughts, views and judgments, and answered a series of important theoretical and practical questions about the Party and the country in these changing times. His speeches embody the philosophy of the new central leadership. To respond to rising international interest and to enhance the rest of the world's understanding of the Chinese government's philosophy and its domestic and foreign policies, the State Council Information Office, the Party Literature Research Office of the CPC Central Committee and the China International Publishing Group have worked together to produce this book. The book is a compilation of Xi Jinping's major works from November 15, 2012 to June 13, 2014. It includes, speeches, talks, interviews, instructions, and correspondence for a total of 70 pieces. It also contains 45 pictures of Xi Jinping at work and in daily life with focus on the period since the 18th National Congress of the Communist Party of China in 2012"--Publisherʹs note. 
546 |a English translation of: Xi Jinping tan zhi guo li zheng. 
650 |a COVID-19 
650 |a COVID-19 (Disease)  |z China  
650 |a China Foreign relations 21st century 
650 |a Coronavirus infections 
650 |a Diplomatic relations  |z China 
650 |a Politics and government  |z China  
650 |a Xi, Jinping  |v Speeches, addresses, etc., Chinese 
942 |c BK 
999 |c 10812  |d 10812